| 000 | 00718nam a22002537a 4500 | ||
|---|---|---|---|
| 001 | 22730 | ||
| 003 | UA-OsUOA | ||
| 005 | 20201215201801.0 | ||
| 007 | ta | ||
| 008 | 20031224b un ||||| |||| 00| 0 ukr d | ||
| 040 |
_aUA-OsUOA _brus _cUA-OsUOA _dUA-OsUOA |
||
| 041 | _arus | ||
| 044 | _aRU | ||
| 080 | _a2 (091) | ||
| 090 |
_a2 (091) _bН64 |
||
| 100 | _aНикольский В. К. | ||
| 245 | _aПроисхождение религии | ||
| 260 |
_aМосква _bГоскультпросветиздат _c1949 |
||
| 300 | _a87 с. | ||
| 650 | 7 |
_a2 Релігія. Теологія. _2UDC |
|
| 942 |
_cBK _2udc |
||
| 955 | _a4 | ||
| 999 |
_c308958 _d308958 |
||